The Chemistry of Evolution: (Record no. 6613)

MARC details
000 -LEADER
fixed length control field 02507cam a22004574a 4500
001 - CONTROL NUMBER
control field 14163044
003 - CONTROL NUMBER IDENTIFIER
control field OSt
005 - DATE AND TIME OF LATEST TRANSACTION
control field 20210322151344.0
008 - FIXED-LENGTH DATA ELEMENTS--GENERAL INFORMATION
fixed length control field 051101s2006 ne ab b 001 0 eng
010 ## - LIBRARY OF CONGRESS CONTROL NUMBER
LC control number 2005055285
015 ## - NATIONAL BIBLIOGRAPHY NUMBER
National bibliography number GBA575301
Source bnb
016 7# - NATIONAL BIBLIOGRAPHIC AGENCY CONTROL NUMBER
Record control number 101280299
Source DNLM
016 7# - NATIONAL BIBLIOGRAPHIC AGENCY CONTROL NUMBER
Record control number 013287596
Source Uk
020 ## - INTERNATIONAL STANDARD BOOK NUMBER
International Standard Book Number 0444521151
020 ## - INTERNATIONAL STANDARD BOOK NUMBER
International Standard Book Number 9780444521156
020 ## - INTERNATIONAL STANDARD BOOK NUMBER
International Standard Book Number 0444521550
020 ## - INTERNATIONAL STANDARD BOOK NUMBER
International Standard Book Number 9780444521552
035 ## - SYSTEM CONTROL NUMBER
System control number (OCoLC)ocm62282397
035 ## - SYSTEM CONTROL NUMBER
System control number (OCoLC)62282397
040 ## - CATALOGING SOURCE
Original cataloging agency DLC
Transcribing agency DLC
Modifying agency C#P
-- BAKER
-- CLU
-- NLGGC
-- NLM
-- YDXCP
-- OHX
-- MUQ
-- XMA
-- UKM
-- BTCTA
-- DLC
042 ## - AUTHENTICATION CODE
Authentication code pcc
050 00 - LIBRARY OF CONGRESS CALL NUMBER
Classification number QH366.2
Item number .W553 2006
060 00 - NATIONAL LIBRARY OF MEDICINE CALL NUMBER
Classification number 2006 H-538
060 10 - NATIONAL LIBRARY OF MEDICINE CALL NUMBER
Classification number QH 366.2
Item number W726c 2006
082 00 - DEWEY DECIMAL CLASSIFICATION NUMBER
Classification number 572.38 WIL 2006
Edition number 22
100 1# - MAIN ENTRY--PERSONAL NAME
Personal name Williams, R. J. Paton; Fraústo da Silva J.J.R.
9 (RLIN) 13599
245 14 - TITLE STATEMENT
Title The Chemistry of Evolution:
Remainder of title the development of our ecosystem
250 ## - EDITION STATEMENT
Edition statement 1st ed.
260 ## - PUBLICATION, DISTRIBUTION, ETC. (IMPRINT)
Place of publication, distribution, etc. Amsterdam ;
-- Boston :
Name of publisher, distributor, etc. Elsevier,
Date of publication, distribution, etc. 2006.
300 ## - PHYSICAL DESCRIPTION
Extent ix, 481 p. :
Other physical details col.ill, maps ;
Dimensions 25 cm.
504 ## - BIBLIOGRAPHY, ETC. NOTE
Bibliography, etc Includes bibliographical references and index.
505 0# - FORMATTED CONTENTS NOTE
Formatted contents note 1. The evolution of earth-the geochemical partner of the global ecosystem (5 billion years of history) -- 2. Basic chemistry of the ecosystem -- 3. Energy, order and disorder, and organised systems -- 4. Outline of biological chemical principles : components, pathways and controls -- 5. First steps in evolution of prokaryotes : anaerobic chemotypes four to three billion years ago -- 6. The evolution of protoaerobic and aerobic prokaryote chemotypes (three to two billion years ago) -- 7. Unicellular eukaryotes chemotypes (about one and a half billion years ago?) -- 8. Multi-cellular eukaryote chemotypes (from one billion years ago) -- 9. The evolution of chemotypes with nerves and a brain (0.5 billion years ago to today) -- 10. Evolution due to mankind : a completely novel chemotype (less than one hundred thousand years ago) -- 11. Conclusion : the inevitable factors in evolution
650 12 - SUBJECT ADDED ENTRY--TOPICAL TERM
Topical term or geographic name as entry element Biological evolution.
9 (RLIN) 13606
650 22 - SUBJECT ADDED ENTRY--TOPICAL TERM
Topical term or geographic name as entry element Ecosystem.
9 (RLIN) 10960
650 22 - SUBJECT ADDED ENTRY--TOPICAL TERM
Topical term or geographic name as entry element Evolution, Chemical.
9 (RLIN) 13608
856 41 - ELECTRONIC LOCATION AND ACCESS
Materials specified Table of contents only
Uniform Resource Identifier http://www.loc.gov/catdir/toc/fy0803/2005055285.html
856 42 - ELECTRONIC LOCATION AND ACCESS
Materials specified Publisher description
Uniform Resource Identifier http://www.loc.gov/catdir/enhancements/fy0811/2005055285-d.html
906 ## - LOCAL DATA ELEMENT F, LDF (RLIN)
a 7
b cbc
c orignew
d 1
e ocip
f 20
g y-gencatlg
942 ## - ADDED ENTRY ELEMENTS (KOHA)
Source of classification or shelving scheme Dewey Decimal Classification
Koha item type Open Shelf
Holdings
Withdrawn status Lost status Source of classification or shelving scheme Damaged status Not for loan Home library Current library Date acquired Source of acquisition Inventory number Total Checkouts Full call number Barcode Date last seen Koha item type
    Dewey Decimal Classification     MUST Main Library MUST Main Library 07/02/2020 Donation 09/31275   572.38 WIL 2006 2020-0430 07/02/2020 Open Shelf